... a veci hneď dávajú väčší zmysel!

Aplikácia najnovších objavov neurovedy do praxe manažéra. Mozog formovaný podnetmi a prostredím, v ktorom žijeme. Čo zlepšuje zdravie mozgu. Čo zhoršuje zdravie mozgu. Pochopenie fungovania mozgu pre lepšie pochopenie a vnímanie seba samého a tímu. Konanie rozhodnutí na základe zabehnutých mozgových...

Description complète

Enregistré dans:
Détails bibliographiques
Auteur principal: Minárik, Peter
Format: Chapitre de livre
Langue:slovaque
Sujets:
Tags: Ajouter un tag
Pas de tags, Soyez le premier à ajouter un tag!

MARC

LEADER 00000naa a2200000 4500
001 0226811
005 20230912114833.1
041 0 |a slo 
044 |a SK 
245 1 0 |a ... a veci hneď dávajú väčší zmysel!  |c Peter Minárik 
520 |a Aplikácia najnovších objavov neurovedy do praxe manažéra. Mozog formovaný podnetmi a prostredím, v ktorom žijeme. Čo zlepšuje zdravie mozgu. Čo zhoršuje zdravie mozgu. Pochopenie fungovania mozgu pre lepšie pochopenie a vnímanie seba samého a tímu. Konanie rozhodnutí na základe zabehnutých mozgových máp. 
610 2 0 |a manažéri 
610 2 0 |a rozhodovanie 
610 2 0 |a správanie 
610 2 0 |a veda 
100 1 |a Minárik, Peter